Normal view
MARC view
Entry Personal Name
001 - CONTROL NUMBER
- control field: 43734
003 - CONTROL NUMBER IDENTIFIER
- control field: ARRUPE
005 - DATE AND TIME OF LATEST TRANSACTION
- control field: 20181204084354.0
008 - FIXED-LENGTH DATA ELEMENTS
- fixed length control field: 181204|| aca||aabn | a|a d
040 ## - CATALOGING SOURCE
- Original cataloging agency: ARRUPE
- Transcribing agency: ARRUPE
100 ## - HEADING--PERSONAL NAME
- Personal name: Bråkenhielm, Carl Reinhold,
- Dates associated with a name: 1945-
- Relator term: author.
670 ## - SOURCE DATA FOUND
- Source citation: Work cat.: (ARRUPE)0: Bråkenhielm, Carl Reinhold, 1945- author., The study of science and religion :, 2018